| 000 | 00516 a2200169 4500 | ||
|---|---|---|---|
| 001 | 066935 | ||
| 003 | OSt | ||
| 005 | 20211022110137.0 | ||
| 008 | |||
| 082 |
_a658.301 _bC36S |
||
| 100 | 1 | _aChanda, Ashok | |
| 245 | 1 |
_aStrategic human resource technologies _cby Ashok Chanda |
|
| 260 |
_aDelhi _bResponse _c2009 |
||
| 300 | _a519p. | ||
| 690 | _aManagement information systems; Personnel management--Technological innovations; Strategic planning--Data processing | ||
| 942 |
_2ddc _cBK |
||
| 999 |
_c926 _d926 |
||